A vállalkozói készségek oktatása és fejlesztési lehetőségei Magyarországon

Bibliográfiai részletek
Szerző: Antal Bettina Xenia
További közreműködők: Knúlné Pál Eszter
Dokumentumtípus: Diplomadolgozat
Kulcsszavak:EU és Magyarország
fiatal vállalkozók
informális tanulás
oktatás
vállalkozói készségek
Online Access:http://dolgozattar.uni-bge.hu/60378

MARC

LEADER 00000nta a2200000 i 4500
001 dolg60378
005 20260409150516.0
008 260409suuuu hu om 000 hun d
040 |a BGE Dolgozattár Repozitórium  |b hun 
041 |a hu 
100 1 |a Antal Bettina Xenia 
245 1 2 |a A vállalkozói készségek oktatása és fejlesztési lehetőségei Magyarországon  |c Antal Bettina Xenia  |h [elektronikus dokumentum] 
520 3 |a A dolgozat célja a vállalkozói készségek oktatásának és fejlesztési lehetőségeinek feltárása Magyarországon. A kutatás szekunder szakirodalmi elemzésre és primer, félig strukturált interjúkra épül, amelyek 16–40 éves vállalkozók tapasztalatait vizsgálják. Az eredmények rámutatnak, hogy a formális oktatásban a vállalkozói készségek oktatása korlátozott, főként az elméleti oktatás valósul meg. A nem formális képzések hatékonyak, azonban elérésük korlátozott. Az informális tanulás kulcsszerepet játszik a kompetenciák kialakulásában. A dolgozat javaslatokat fogalmaz meg a gyakorlatorientált módszerek erősítésére, az informális tanulás formális oktatásba történő integrálására, valamint a vállalkozói szemlélet szélesebb körű kiterjesztésére. 
695 |a EU és Magyarország 
695 |a fiatal vállalkozók 
695 |a informális tanulás 
695 |a oktatás 
695 |a vállalkozói készségek 
700 1 |a Knúlné Pál Eszter  |e ths 
856 4 0 |u http://dolgozattar.uni-bge.hu/60378/1/Antal%20Bettina%20Xenia_JAIT9B.pdf  |z Dokumentum-elérés 
856 4 0 |u http://dolgozattar.uni-bge.hu/60378/2/Antal%20Bettina%20X%C3%A9nia.pdf  |z Dokumentum-elérés